Statistics for Toronto Maple Leafs Roster

Click here to take the quiz!

General Stats

  • This quiz has been taken 864 times
    (666 since last reset)
  • The average score is 13 of 23

Answer Stats

NumberPlayer% Correct
34Matthews
97%
16Marner
96%
43Kadri
80%
29Nylander
80%
44Rielly
78%
31Andersen
77%
51Gardiner
68%
42Bozak
66%
11Hyman
63%
24Kapanen
59%
12Marleau
59%
28Brown
58%
2Hainsey
50%
47Komarov
47%
15Martin
47%
25Van Riemsdyk
45%
22Zaitsev
45%
46Polak
40%
8Carrick
35%
32Leivo
31%
20Moore
28%
35McElhinney
27%
19Plekanec
18%

Score Distribution

Percentile by Number Answered

Percent of People with Each Score

Your Score History

You have not taken this quiz since the last reset